| 000 | 00772cam a22002171 4500 | ||
|---|---|---|---|
| 001 | gs 29000237 | ||
| 003 | DLC | ||
| 005 | 20260227111333.0 | ||
| 008 | 800603s1929 gw a b 000 0 ger c | ||
| 010 | _ags 29000237 | ||
| 035 | _a(OCoLC)6382710 | ||
| 040 |
_aLibrary, U.S. Geological Survey _cTxCM _dDLC |
||
| 042 | _apremarc | ||
| 050 | 0 | 0 |
_aQE905 _b.K7 |
| 100 | 1 |
_aKräusel, Richard, _d1890- |
|
| 245 | 1 | 4 |
_aDie paläobotanischen untersuchungsmethoden; _bein leitfaden für die untersuchung fossiler pflansen sowie der aus ihnen aufgebauten gesteine, _cvon dr. Richard Kräusel ... |
| 260 |
_aJena, _bVerlag von G. Fischer, _c1929. |
||
| 300 |
_aviii, 86 p. incl. illus., _bdiagrs. _c27 cm. |
||
| 504 | _aBibliographies scattered throughout. | ||
| 650 | 0 | _aPaleobotany. | |
| 999 |
_c26737 _d26737 |
||